00240 a2200109 4500001000700000020001800007040003500025100003000060240001800090245001300108362000900121157242 a9788596029810 cEscola São Tomás de Aquino aFLORES, Guilherme Gontijo10aA manchalpor10aA mancha0 a2020